00234nam a2200097Ia 4500008004100000041001200041100001700053245005400070260000600124650000600130221030s9999 xx 000 0 und d aEnglish aR. K. Bansal 2aA Text Book of Organic Chemistrycby R. K. Bansal c0 aB